[Event "KM 2022 Bronshoj Lang Weekend"]
[Site "Bronshoj"]
[Date "2022.02.13"]
[Round "4"]
[White "Nielsen, Viktor Haarmark"]
[Black "Haubro, Martin"]
[Result "1/2-1/2"]
[WhiteElo "2267"]
[BlackElo "2399"]
[PlyCount "147"]
[EventDate "2022.02.11"]
[EventType "swiss"]
[EventRounds "7"]
[EventCountry "DEN"]

1. e4 e5 2. Nf3 Nc6 3. Bb5 a6 4. Ba4 Nf6 5. O-O Be7 6. d3 b5 7. Bb3 d6 8. c3
O-O 9. a4 Bb7 10. Re1 Nb8 11. Nbd2 Nbd7 12. Bc2 Re8 13. Nf1 Bf8 14. Ng3 g6 15.
d4 Nb6 16. dxe5 dxe5 17. Qxd8 Raxd8 18. Bg5 Kg7 19. axb5 axb5 20. Ra7 Rb8 21.
Bd3 c6 22. b3 Nc8 23. Ra2 Ra8 24. Rxa8 Bxa8 25. h3 Nd7 26. Bc2 Bb7 27. Be3 f6
28. Nd2 b4 29. cxb4 Bxb4 30. Rd1 Nf8 31. Nc4 Ne6 32. Rd7+ Re7 33. Rxe7+ Nxe7
34. Ne2 c5 35. Bd3 Bc6 36. f4 exf4 37. Nxf4 Nxf4 38. Bxf4 Nc8 39. Kf2 Kf7 40.
Ne3 Ke7 41. Nc4 Bb5 42. Ne5 Be8 43. Nc4 Bf7 44. g4 g5 45. Be3 Bxc4 46. Bxc4 Kd6
47. Kf3 Ne7 48. Bf2 Bc3 49. Bg3+ Be5 50. Bf2 Nc6 51. Bd5 Nb4 52. Bc4 Bd4 53.
Bg3+ Kc6 54. h4 h6 55. hxg5 hxg5 56. e5 Bxe5 57. Bxe5 fxe5 58. Ke4 Kd6 59. Kf5
Nd5 60. Kxg5 e4 61. Kf5 e3 62. Ke4 Nf6+ 63. Kf3 Ke5 64. g5 Ne8 65. Kxe3 Kf5 66.
Bf7 Nd6 67. g6 Kf6 68. Kf4 Nb7 69. Kg4 Nd6 70. Kf4 Nb7 71. Bd5 Na5 72. Bf7 Nxb3
73. Bxb3 Kxg6 74. Ke4 1/2-1/2

[Event "KM 2022 Bronshoj Lang Weekend"]
[Site "Bronshoj"]
[Date "2022.02.13"]
[Round "4"]
[White "Vasli, Aref"]
[Black "Petersen, Peter Birk"]
[Result "1-0"]
[WhiteElo "2379"]
[BlackElo "2157"]
[PlyCount "93"]
[EventDate "2022.02.11"]
[EventType "swiss"]
[EventRounds "7"]
[EventCountry "DEN"]

1. e4 c5 2. Nf3 e6 3. d4 cxd4 4. Nxd4 Nc6 5. Nc3 Qc7 6. g3 a6 7. Bg2 Nf6 8. O-O
Be7 9. Re1 O-O 10. Nxc6 dxc6 11. e5 Rd8 12. Qe2 Nd5 13. Ne4 Qxe5 14. c4 Nf6 15.
Bf4 Qa5 16. a3 Bd7 17. b4 Qf5 18. Bd6 Bf8 19. Bxf8 Rxf8 20. Nd6 Qg6 21. Nxb7 e5
22. Qxe5 Rae8 23. Qd4 Qh5 24. Nc5 Bg4 25. Rxe8 Rxe8 26. Bxc6 Bf3 27. Bxf3 Qxf3
28. Qd3 Qc6 29. Rd1 h5 30. h4 a5 31. Nb3 axb4 32. axb4 Qc8 33. Nd4 Rd8 34. Qe2
Re8 35. Qc2 Qg4 36. Nf5 Qh3 37. Ne3 g6 38. Qb2 Ne4 39. Nf1 Kh7 40. c5 Re6 41.
Qd4 g5 42. Qd3 Kg7 43. Re1 f5 44. Qd7+ Kf6 45. f3 gxh4 46. fxe4 hxg3 47. e5+
1-0

[Event "KM 2022 Bronshoj Lang Weekend"]
[Site "Bronshoj"]
[Date "2022.02.13"]
[Round "4"]
[White "Kistrup, Nicolai"]
[Black "Hoi, Carsten"]
[Result "0-1"]
[WhiteElo "2316"]
[BlackElo "2343"]
[PlyCount "132"]
[EventDate "2022.02.11"]
[EventType "swiss"]
[EventRounds "7"]
[EventCountry "DEN"]

1. d4 Nf6 2. c4 g6 3. Nc3 Bg7 4. e4 d6 5. Be2 O-O 6. Be3 Nbd7 7. g4 e5 8. d5
Nc5 9. f3 a5 10. h4 h5 11. g5 Nh7 12. Nh3 Bd7 13. Qd2 a4 14. O-O-O Qb8 15. Nf2
Rd8 16. Nd3 Nxd3+ 17. Qxd3 Bf8 18. f4 exf4 19. Bxf4 Bg7 20. a3 Re8 21. Rhf1 Qd8
22. Rf2 Qe7 23. Rdf1 Rf8 24. Be3 Qe5 25. Bf4 Qe7 26. Be3 Be5 27. Bd4 Kg7 28.
Rg1 c5 29. dxc6 Bxc6 30. Rd1 Rad8 31. Nd5 Bxd5 32. exd5 Rde8 33. Rdf1 Bxd4 34.
Qxd4+ Qe5 35. Qxe5+ Rxe5 36. Bd1 Re4 37. Rf4 Rxf4 38. Rxf4 Ra8 39. Re4 Kf8 40.
Kd2 Ra6 41. Kc3 f5 42. gxf6 Nxf6 43. Re6 Kf7 44. Bc2 b5 45. Bd3 bxc4 46. Bxc4
Rb6 47. Re2 Ng4 48. b3 axb3 49. Bxb3 Ne5 50. a4 Rb8 51. Rf2+ Kg7 52. Rf4 Rc8+
53. Kd2 g5 54. hxg5 h4 55. Rf1 Kg6 56. Bc2+ Kxg5 57. Rg1+ Kf4 58. Bd1 h3 59.
Rf1+ Kg3 60. Rf5 Rh8 61. Ke3 h2 62. Rg5+ Kh4 63. Rxe5 h1=Q 64. Re4+ Kg5 65.
Rg4+ Kf6 66. Rf4+ Ke5 0-1

[Event "KM 2022 Bronshoj Lang Weekend"]
[Site "Bronshoj"]
[Date "2022.02.13"]
[Round "4"]
[White "Iskos, Lukas"]
[Black "Thuesen, Mogens Henrik"]
[Result "0-1"]
[WhiteElo "2064"]
[BlackElo "2160"]
[PlyCount "70"]
[EventDate "2022.02.11"]
[EventType "swiss"]
[EventRounds "7"]
[EventCountry "DEN"]

1. d4 d5 2. Bf4 c5 3. e3 cxd4 4. exd4 Nc6 5. Nf3 Bg4 6. Nbd2 e6 7. c3 Bd6 8.
Bg3 Nge7 9. Bd3 Bf5 10. Nb3 O-O 11. O-O Bxg3 12. hxg3 Rc8 13. g4 Bxd3 14. Qxd3
Ng6 15. Rae1 Na5 16. Ne5 Nxb3 17. axb3 a5 18. Nxg6 hxg6 19. Qh3 Rc6 20. f4 f5
21. g5 Qb6 22. Kf2 Qxb3 23. Re2 a4 24. Rh1 a3 25. Qh7+ Kf7 26. Rh6 e5 27. fxe5
Re6 28. bxa3 Qxc3 29. Rh4 Ra8 30. Re3 Qb2+ 31. Re2 Qc1 32. Re3 Rc8 33. Kf3 Rc2
34. Rh2 Qf1+ 35. Kg3 f4+ 0-1

[Event "KM 2022 Bronshoj Lang Weekend"]
[Site "Bronshoj"]
[Date "2022.02.13"]
[Round "4"]
[White "Jacobsen, Mikkel Manosri"]
[Black "Pihl, William"]
[Result "1-0"]
[WhiteElo "2240"]
[BlackElo "1841"]
[PlyCount "125"]
[EventDate "2022.02.11"]
[EventType "swiss"]
[EventRounds "7"]
[EventCountry "DEN"]

1. d4 Nf6 2. c4 d6 3. Nf3 g6 4. Nc3 Bg7 5. Bg5 c6 6. e3 Qa5 7. Bxf6 Bxf6 8. Be2
Bg4 9. Nd2 Bxe2 10. Qxe2 Nd7 11. O-O O-O 12. a3 e5 13. b4 Qc7 14. d5 Rac8 15.
Rab1 Bg7 16. Rfd1 Nf6 17. dxc6 Qxc6 18. Qf3 Qxf3 19. gxf3 Rfd8 20. Nce4 Nxe4
21. Nxe4 Rxc4 22. Rxd6 Rxd6 23. Nxd6 Rc2 24. Nxb7 Ra2 25. Rb3 Bf8 26. Na5 Rc2
27. b5 Rc7 28. a4 Rc1+ 29. Kg2 Ra1 30. Nc6 Rxa4 31. Nxe5 Ra3 32. Rb1 Ra2 33.
Rd1 Bc5 34. Kg3 Rb2 35. Rd5 Bb6 36. f4 Rb1 37. Kf3 Rb4 38. h4 h5 39. Nd3 Rb1
40. f5 Kg7 41. fxg6 fxg6 42. Nf4 Rg1 43. e4 Rf1 44. Nd3 Rh1 45. Kg3 Rg1+ 46.
Kf4 Rg4+ 47. Ke5 Bc7+ 48. Kd4 Bb6+ 49. Nc5 Rxh4 50. Ke5 Bxc5 51. Rxc5 Kh6 52.
f4 Rh1 53. Rc8 Ra1 54. Kf6 Kh7 55. Rc7+ Kh6 56. Rg7 h4 57. Rxg6+ Kh5 58. Rg5+
Kh6 59. Rg8 Kh7 60. Rg4 Rh1 61. e5 h3 62. Kf7 Kh6 63. Rh4# 1-0

[Event "KM 2022 Bronshoj Lang Weekend"]
[Site "Bronshoj"]
[Date "2022.02.13"]
[Round "4"]
[White "Meskenas, Paulius"]
[Black "Gustafsson, Magnus"]
[Result "1-0"]
[WhiteElo "2157"]
[BlackElo "1834"]
[PlyCount "59"]
[EventDate "2022.02.11"]
[EventType "swiss"]
[EventRounds "7"]
[EventCountry "DEN"]

1. e4 e5 2. Nf3 Nf6 3. Nc3 Bb4 4. Bc4 d6 5. O-O O-O 6. d4 Bxc3 7. bxc3 Nxe4 8.
dxe5 Be6 9. Bb3 d5 10. Qd3 a5 11. Ba3 a4 12. Bxf8 Kxf8 13. Bc4 c6 14. Rad1 Qe7
15. Qe3 b5 16. Bd3 Nxc3 17. Ra1 c5 18. Rfe1 d4 19. Qf4 h6 20. a3 Na6 21. g4 Nc7
22. g5 N7d5 23. Qg3 h5 24. g6 c4 25. Bf1 Bf5 26. Nxd4 Bxg6 27. Qf3 Kg8 28. Nxb5
Nxb5 29. Qxd5 Nxa3 30. Qxa8+ 1-0

[Event "KM 2022 Bronshoj Lang Weekend"]
[Site "Bronshoj"]
[Date "2022.02.13"]
[Round "4"]
[White "Steenstrup, Svend"]
[Black "Jarlskov, Daniel Tuk Hartso"]
[Result "0-1"]
[WhiteElo "1958"]
[BlackElo "1963"]
[PlyCount "148"]
[EventDate "2022.02.11"]
[EventType "swiss"]
[EventRounds "7"]
[EventCountry "DEN"]

1. d4 Nf6 2. c4 e6 3. g3 d5 4. Bg2 dxc4 5. Nf3 a6 6. Ne5 c5 7. b3 cxd4 8. Nxc4
Bc5 9. O-O O-O 10. Ba3 Bxa3 11. Nbxa3 Re8 12. Nc2 e5 13. f4 e4 14. Nxd4 b5 15.
Ne5 Bb7 16. Nf5 Qb6+ 17. e3 Rd8 18. Qe2 Nbd7 19. a4 Nc5 20. a5 Qe6 21. Bh3 Kf8
22. Rac1 Rac8 23. Kg2 Qd5 24. Nd4 Ra8 25. Rfd1 Nd3 26. Rc7 Bc8 27. Rxf7+ Kg8
28. Ndc6 Bxh3+ 29. Kxh3 Qe6+ 30. Kg2 Re8 31. Nd4 Qd5 32. Nf5 Kh8 33. Rxg7 Rf8
34. Qc2 Qe6 35. Rg5 Rac8 36. Qb1 Rg8 37. Nd4 Qe7 38. Rxg8+ Kxg8 39. Nxd3 exd3
40. Qxd3 Qb7+ 41. Kg1 Rd8 42. Qf5 Qe7 43. Qg5+ Kf7 44. Qe5 Qd7 45. Rc1 Rc8 46.
Rxc8 Qxc8 47. Nf3 Qc2 48. Qd4 Qe2 49. Ne5+ Kg7 50. Qd3 Qe1+ 51. Kg2 Qxa5 52.
Nd7 Qd8 53. Nc5 Qa8+ 54. e4 Qc6 55. Qd4 a5 56. f5 Kf7 57. Kf3 h6 58. h3 a4 59.
bxa4 bxa4 60. Qc4+ Ke7 61. Qb4 Kf7 62. Nxa4 Qc1 63. Qd4 Qf1+ 64. Ke3 Qg1+ 65.
Kd3 Qxg3+ 66. Kc4 Qxh3 67. Qa7+ Kf8 68. Qa8+ Ne8 69. Nc5 Qf1+ 70. Kd5 Qb5 71.
Qc8 Qa5 72. e5 Qd2+ 73. Ke6 Qa2+ 74. Nb3 Qxb3+ 0-1

[Event "KM 2022 Bronshoj Lang Weekend"]
[Site "Bronshoj"]
[Date "2022.02.13"]
[Round "4"]
[White "Sorensen, Per Settergren"]
[Black "Thorsbro, Peter"]
[Result "0-1"]
[WhiteElo "2024"]
[BlackElo "2199"]
[PlyCount "66"]
[EventDate "2022.02.11"]
[EventType "swiss"]
[EventRounds "7"]
[EventCountry "DEN"]

1. e4 c5 2. Nf3 d6 3. d4 cxd4 4. Nxd4 Nf6 5. Nc3 a6 6. g3 e6 7. Bg2 Be7 8. O-O
O-O 9. f4 Qc7 10. g4 Nc6 11. Nb3 Rd8 12. g5 Nd7 13. f5 Nde5 14. f6 Bf8 15. Qh5
b5 16. Rf4 g6 17. Qh3 b4 18. Rh4 h5 19. Ne2 Ng4 20. Be3 Nce5 21. Nf4 Nxe3 22.
Qxe3 Ng4 23. Qe2 d5 24. Rf1 dxe4 25. Qxe4 Qa7+ 26. Kh1 Nf2+ 27. Rxf2 Rd1+ 28.
Rf1 Rxf1+ 29. Bxf1 Bb7 30. Qxb7 Qxb7+ 31. Bg2 Qb5 32. Nh3 Rd8 33. Nd4 Qc4 0-1

[Event "KM 2022 Bronshoj Lang Weekend"]
[Site "Bronshoj"]
[Date "2022.02.13"]
[Round "5"]
[White "Haubro, Martin"]
[Black "Vasli, Aref"]
[Result "1-0"]
[WhiteElo "2399"]
[BlackElo "2379"]
[PlyCount "147"]
[EventDate "2022.02.11"]
[EventType "swiss"]
[EventRounds "7"]
[EventCountry "DEN"]

1. e4 e5 2. Nf3 Nc6 3. Bb5 Nge7 4. O-O d6 5. c3 a6 6. Ba4 g6 7. d4 Bd7 8. Be3
Bg7 9. Nbd2 O-O 10. Re1 Kh8 11. Bb3 h6 12. dxe5 dxe5 13. Qe2 Qe8 14. Bc5 b6 15.
Ba3 Na5 16. Bc2 Be6 17. Bd3 g5 18. Bxa6 Rg8 19. Bxe7 Qxe7 20. Nf1 c6 21. Bd3
Nb7 22. Bc4 Nd6 23. Bxe6 Qxe6 24. a3 Bf6 25. Ng3 g4 26. Nd2 Rg5 27. Rad1 h5 28.
Qe3 b5 29. Nf5 Nxf5 30. exf5 Qxf5 31. Ne4 Rg6 32. Rd6 Bh4 33. Red1 Re8 34. Rd7
Kg7 35. g3 Be7 36. Qe2 Qe6 37. Qe3 Kg8 38. Nc5 Qc4 39. Na6 Bg5 40. Qc5 Qe2 41.
Nc7 Re7 42. Rd8+ Kh7 43. Qb6 Qxb2 44. Qb8 Bf6 45. Ne8 Rxe8 46. Rxe8 Qxc3 47.
Qc7 Qb3 48. Rf1 Bg7 49. Qd7 Qf3 50. Re7 Kg8 51. Qe8+ Bf8 52. Rxe5 Qxa3 53. Rxh5
Qd3 54. Rc5 Qf3 55. Rfc1 Rf6 56. Rg5+ Kh7 57. Rf1 Bg7 58. Qc8 Rg6 59. Rf5 Qb3
60. Rf4 Qe6 61. Qxe6 fxe6 62. f3 gxf3 63. R1xf3 c5 64. Rf7 Kg8 65. Kf1 c4 66.
Rb7 Rg5 67. h4 Rd5 68. Rff7 Bf8 69. Rfc7 e5 70. Ke2 e4 71. Rc8 Rf5 72. Ke3 Rf3+
73. Kxe4 Rf1 74. Rxb5 1-0

[Event "KM 2022 Bronshoj Lang Weekend"]
[Site "Bronshoj"]
[Date "2022.02.13"]
[Round "5"]
[White "Hoi, Carsten"]
[Black "Nielsen, Viktor Haarmark"]
[Result "1/2-1/2"]
[WhiteElo "2343"]
[BlackElo "2267"]
[PlyCount "64"]
[EventDate "2022.02.11"]
[EventType "swiss"]
[EventRounds "7"]
[EventCountry "DEN"]

1. d4 Nf6 2. Nf3 g6 3. c4 Bg7 4. Nc3 d5 5. e3 O-O 6. cxd5 Nxd5 7. Bc4 Nxc3 8.
bxc3 c5 9. O-O a6 10. a4 Qc7 11. Qe2 b6 12. e4 Nc6 13. Be3 Bb7 14. Rac1 Na5 15.
d5 Qd7 16. Bd3 Qxa4 17. c4 e6 18. Rb1 b5 19. dxe6 bxc4 20. Bc2 Qc6 21. exf7+
Rxf7 22. Ng5 Re7 23. Rfd1 Qc7 24. Qg4 Nb3 25. e5 Nd4 26. Rxb7 Qxb7 27. Nxh7
Nxc2 28. Qxg6 Nxe3 29. Nf6+ Kf8 30. Nh7+ Kg8 31. Nf6+ Kf8 32. Nh7+ Kg8 1/2-1/2

[Event "KM 2022 Bronshoj Lang Weekend"]
[Site "Bronshoj"]
[Date "2022.02.13"]
[Round "5"]
[White "Thuesen, Mogens Henrik"]
[Black "Jacobsen, Mikkel Manosri"]
[Result "0-1"]
[WhiteElo "2160"]
[BlackElo "2240"]
[PlyCount "114"]
[EventDate "2022.02.11"]
[EventType "swiss"]
[EventRounds "7"]
[EventCountry "DEN"]

1. d4 d5 2. c4 c6 3. Nf3 Nf6 4. Nc3 e6 5. e3 Nbd7 6. Bd3 dxc4 7. Bxc4 b5 8. Bd3
Bb7 9. O-O Bd6 10. e4 e5 11. Bg5 O-O 12. Qe2 Re8 13. Rfd1 b4 14. Na4 exd4 15.
Nxd4 Qa5 16. Nf5 Bf8 17. Qc2 g6 18. Nh6+ Bxh6 19. Bxh6 Qe5 20. f3 c5 21. b3
Rac8 22. Nb2 Nb6 23. Nc4 Nxc4 24. Bxc4 Red8 25. Rxd8+ Rxd8 26. Rd1 Qc7 27. Be3
Rxd1+ 28. Qxd1 Nd7 29. Qd2 Nb6 30. Be2 Nd7 31. Bf4 Ne5 32. Kf1 f6 33. Be3 g5
34. Qc2 Nd7 35. Qc4+ Kf8 36. Qe6 Qc6 37. Qf5 Kg7 38. h4 h6 39. h5 Ne5 40. Qh3
Ba6 41. Bxa6 Qxa6+ 42. Kg1 Qxa2 43. Qe6 Qa1+ 44. Kh2 c4 45. Qe7+ Nf7 46. Qxb4
Qe5+ 47. Kh1 g4 48. fxg4 Qxe4 49. Bxa7 Qb1+ 50. Kh2 Qxb3 51. Qe7 Qc3 52. Qd7
Qe5+ 53. g3 c3 54. Bd4 Qe2+ 55. Kh3 Qf1+ 56. Kh2 c2 57. g5 Qe2+ 0-1

[Event "KM 2022 Bronshoj Lang Weekend"]
[Site "Bronshoj"]
[Date "2022.02.13"]
[Round "5"]
[White "Jarlskov, Daniel Tuk Hartso"]
[Black "Meskenas, Paulius"]
[Result "1/2-1/2"]
[WhiteElo "1963"]
[BlackElo "2157"]
[PlyCount "99"]
[EventDate "2022.02.11"]
[EventType "swiss"]
[EventRounds "7"]
[EventCountry "DEN"]

1. c4 e6 2. d4 d5 3. Nc3 c6 4. Nf3 Nf6 5. Bf4 Bd6 6. Bg3 O-O 7. e3 h6 8. Bd3
Re8 9. Ne5 Qc7 10. c5 Bf8 11. Ng6 Qd8 12. Nxf8 Rxf8 13. Bd6 Re8 14. f4 Nbd7 15.
g4 b6 16. b4 bxc5 17. bxc5 Qa5 18. Rc1 Ne4 19. Bxe4 dxe4 20. h4 f5 21. g5 Qd8
22. Qh5 Kh7 23. Rg1 Rg8 24. Rc2 Qe8 25. Qxe8 Rxe8 26. gxh6 Kxh6 27. Rcg2 Rg8
28. Rg6+ Kh7 29. R1g5 Nf6 30. Nb1 Bd7 31. Rg1 Ng4 32. h5 a5 33. Nd2 a4 34. Nc4
Be8 35. Rg5 Ra7 36. Kd2 a3 37. Rb1 Bf7 38. Ne5 Nxe5 39. Bxe5 Be8 40. Rb8 Kh6
41. Kc3 Rf8 42. Kb4 Rg8 43. Rc8 Rf8 44. Rd8 Rg8 45. Rb8 Rf8 46. Rc8 Rg8 47. Rc7
Rxc7 48. Bxc7 Bxh5 49. Kxa3 Bg4 50. Kb4 1/2-1/2

[Event "KM 2022 Bronshoj Lang Weekend"]
[Site "Bronshoj"]
[Date "2022.02.13"]
[Round "5"]
[White "Iskos, Lukas"]
[Black "Kistrup, Nicolai"]
[Result "0-1"]
[WhiteElo "2064"]
[BlackElo "2316"]
[PlyCount "52"]
[EventDate "2022.02.11"]
[EventType "swiss"]
[EventRounds "7"]
[EventCountry "DEN"]

1. d4 d5 2. Bf4 c5 3. e3 Nc6 4. Nf3 cxd4 5. exd4 Bf5 6. c4 e6 7. Nc3 dxc4 8.
Bxc4 Bd6 9. Bxd6 Qxd6 10. Qb3 Nf6 11. Nb5 Qe7 12. O-O O-O 13. Rfe1 a6 14. Na3
Rfd8 15. Rad1 Bg4 16. d5 Na5 17. Qa4 Nxc4 18. Qxc4 Bxf3 19. gxf3 Nxd5 20. Qe4
Qf6 21. Nc4 Nf4 22. Ne3 Qg5+ 23. Kh1 Nh3 24. Ng4 h5 25. Rxd8+ Rxd8 26. Qe5 hxg4
0-1

[Event "KM 2022 Bronshoj Lang Weekend"]
[Site "Bronshoj"]
[Date "2022.02.13"]
[Round "5"]
[White "Thorsbro, Peter"]
[Black "Moe, Mogens"]
[Result "1-0"]
[WhiteElo "2199"]
[BlackElo "2153"]
[PlyCount "53"]
[EventDate "2022.02.11"]
[EventType "swiss"]
[EventRounds "7"]
[EventCountry "DEN"]

1. d4 Nf6 2. c4 g6 3. g3 Bg7 4. Bg2 d5 5. cxd5 Nxd5 6. e4 Nb6 7. Ne2 Bg4 8. f3
Bd7 9. Nbc3 Na6 10. O-O c5 11. d5 h5 12. h4 Nc4 13. f4 Qa5 14. e5 Rd8 15. e6
Bxe6 16. Qb3 Bxd5 17. Bxd5 Nd6 18. Ne4 O-O 19. Bd2 Qc7 20. Bc3 b6 21. Bxg7 Kxg7
22. Ng5 c4 23. Qc3+ Kg8 24. Rad1 b5 25. Kh2 Qc5 26. Qe5 Nb4 27. Bxf7+ 1-0

[Event "KM 2022 Bronshoj Lang Weekend"]
[Site "Bronshoj"]
[Date "2022.02.13"]
[Round "5"]
[White "Petersen, Peter Birk"]
[Black "Nielsen, Thomas Bach"]
[Result "0-1"]
[WhiteElo "2157"]
[BlackElo "2170"]
[PlyCount "104"]
[EventDate "2022.02.11"]
[EventType "swiss"]
[EventRounds "7"]
[EventCountry "DEN"]

1. e4 c6 2. d4 d5 3. exd5 cxd5 4. c4 Nf6 5. Nc3 Nc6 6. Bg5 dxc4 7. Bxc4 h6 8.
Bh4 Qxd4 9. Qxd4 Nxd4 10. O-O-O e5 11. Nf3 Nxf3 12. Bxf6 gxf6 13. Bb5+ Ke7 14.
Nd5+ Kd8 15. gxf3 Bd6 16. Rd2 Be6 17. Rhd1 Bc5 18. Nb6+ Ke7 19. Nxa8 Rxa8 20.
Rc2 b6 21. Bc4 Rg8 22. Bxe6 Kxe6 23. a3 a5 24. b4 axb4 25. axb4 Bxb4 26. Rc6+
Kf5 27. Rxb6 Bc5 28. Rb7 Bxf2 29. Rxf7 Be3+ 30. Kc2 Rg2+ 31. Kd3 Bf4 32. h4 Rh2
33. Rg7 Rxh4 34. Rg2 Rh3 35. Ke2 h5 36. Rb1 Bg5 37. Kf2 Rh4 38. Rb2 Ra4 39. Rh2
h4 40. Kg2 Kf4 41. Rh1 Rd4 42. Re2 f5 43. Rf2 Be7 44. Re2 Rd8 45. Rc1 Rd4 46.
Rc3 Bb4 47. Rb3 Bc5 48. Rc3 Rd5 49. Rc4+ Bd4 50. Rc7 Rd8 51. Rf7 Rg8+ 52. Kh1
Rg3 0-1

[Event "KM 2022 Bronshoj Lang Weekend"]
[Site "Bronshoj"]
[Date "2022.02.13"]
[Round "5"]
[White "Skou, Niels"]
[Black "Koch Mueller, Oscar"]
[Result "1-0"]
[WhiteElo "2038"]
[BlackElo "1985"]
[PlyCount "111"]
[EventDate "2022.02.11"]
[EventType "swiss"]
[EventRounds "7"]
[EventCountry "DEN"]

1. d4 Nf6 2. c4 e6 3. Nc3 Bb4 4. e3 O-O 5. Nf3 d5 6. Bd2 b6 7. cxd5 exd5 8. Bd3
Re8 9. Ne5 Bb7 10. O-O Nbd7 11. f4 c5 12. a3 Bxc3 13. Bxc3 a6 14. b3 cxd4 15.
exd4 Ne4 16. Be1 f5 17. Qh5 Rf8 18. Rc1 Ndf6 19. Qh3 Rc8 20. Bb4 Re8 21. a4
Rxc1 22. Rxc1 Qb8 23. Qe3 Ng4 24. Qe2 a5 25. Be1 Nxe5 26. fxe5 Rc8 27. Qb2 Rc7
28. b4 axb4 29. Bxb4 Rxc1+ 30. Qxc1 Qc8 31. Qxc8+ Bxc8 32. Bb5 Kf7 33. Kf1 Ke6
34. Ke2 Bd7 35. Kf3 Bxb5 36. axb5 h5 37. h4 g6 38. Kf4 Kf7 39. Ba5 Kg7 40. Bxb6
Nc3 41. e6 Nxb5 42. Ke5 f4 43. Bd8 Kf8 44. Kxd5 Nc3+ 45. Ke5 Nb5 46. Bg5 Nc7
47. Bxf4 Ne8 48. d5 Ke7 49. Bg5+ Kf8 50. d6 Nxd6 51. Kxd6 Ke8 52. Ke5 Kf8 53.
Kf6 Kg8 54. e7 Kh7 55. Bh6 g5 56. e8=Q 1-0

[Event "KM 2022 Bronshoj Lang Weekend"]
[Site "Bronshoj"]
[Date "2022.02.14"]
[Round "6"]
[White "Hoi, Carsten"]
[Black "Haubro, Martin"]
[Result "1-0"]
[WhiteElo "2343"]
[BlackElo "2399"]
[PlyCount "25"]
[EventDate "2022.02.11"]
[EventType "swiss"]
[EventRounds "7"]
[EventCountry "DEN"]

1. Nf3 d5 2. e3 Nf6 3. c4 e6 4. d4 b6 5. Nc3 Bb7 6. cxd5 exd5 7. Bd3 a6 8. O-O
Bd6 9. Ne5 O-O 10. f4 Nbd7 11. Qf3 b5 12. Qh3 Qe7 13. Nxd7 1-0

[Event "KM 2022 Bronshoj Lang Weekend"]
[Site "Bronshoj"]
[Date "2022.02.14"]
[Round "6"]
[White "Jacobsen, Mikkel Manosri"]
[Black "Nielsen, Viktor Haarmark"]
[Result "0-1"]
[WhiteElo "2240"]
[BlackElo "2267"]
[PlyCount "92"]
[EventDate "2022.02.11"]
[EventType "swiss"]
[EventRounds "7"]
[EventCountry "DEN"]

1. Nf3 d5 2. e3 Nf6 3. c4 e6 4. d4 Be7 5. b3 O-O 6. Bd3 b6 7. O-O Bb7 8. Bb2
Nbd7 9. Qe2 Ne4 10. Rd1 f5 11. a4 a5 12. Ne1 Bd6 13. Nd2 Rf6 14. Nf1 Rh6 15.
Nf3 g5 16. Ne5 g4 17. cxd5 Bxd5 18. Nxg4 fxg4 19. Bxe4 Bxe4 20. Qxg4+ Bg6 21.
Qxe6+ Kf8 22. e4 Qe8 23. Qxe8+ Rxe8 24. Bc1 Rh4 25. f3 Bxe4 26. fxe4 Rhxe4 27.
Bh6+ Kf7 28. Ng3 Rh4 29. Nf5 Rhe4 30. Nxd6+ cxd6 31. Rac1 Kg6 32. Rc7 Nf6 33.
Bc1 Ng4 34. g3 Re2 35. Rd2 Nxh2 36. Rxe2 Rxe2 37. Bf4 Nf3+ 38. Kf1 Rb2 39. Rc6
Rxb3 40. Kf2 Kf5 41. Rxd6 Nh2 42. Kg2 Rb2+ 43. Kh3 Nf3 44. Rd5+ Ke4 45. Rd8
Rh2+ 46. Kg4 h5# 0-1

[Event "KM 2022 Bronshoj Lang Weekend"]
[Site "Bronshoj"]
[Date "2022.02.14"]
[Round "6"]
[White "Vasli, Aref"]
[Black "Jarlskov, Daniel Tuk Hartso"]
[Result "1-0"]
[WhiteElo "2379"]
[BlackElo "1963"]
[PlyCount "85"]
[EventDate "2022.02.11"]
[EventType "swiss"]
[EventRounds "7"]
[EventCountry "DEN"]

1. e4 c6 2. Nf3 d5 3. d3 dxe4 4. dxe4 Qxd1+ 5. Kxd1 Bg4 6. Be3 Nd7 7. Nbd2 Ngf6
8. h3 Bxf3+ 9. gxf3 e6 10. Rg1 g6 11. Nb3 O-O-O 12. Bd3 Ne5 13. Ke2 Nxd3 14.
cxd3 b6 15. Rac1 Kb7 16. d4 Bg7 17. Rc2 Rhe8 18. Rgc1 Rc8 19. Nd2 Red8 20. Nc4
Ne8 21. Ne5 Bxe5 22. dxe5 f6 23. exf6 Nxf6 24. Bg5 Rf8 25. Rd1 Rc7 26. Rd6 Rcf7
27. Rdxc6 Nxe4 28. fxe4 Rxf2+ 29. Ke3 R2f3+ 30. Kd4 h6 31. Bxh6 Rd8+ 32. Ke5
Rxh3 33. Rc7+ Ka6 34. Bg5 Rh5 35. Kf4 Rf8+ 36. Kg4 Rf1 37. Rc1 Rf2 38. R7c2 Rf7
39. a4 Rd7 40. b4 Rd4 41. Rc4 Rd3 42. b5+ Ka5 43. R1c2 1-0

[Event "KM 2022 Bronshoj Lang Weekend"]
[Site "Bronshoj"]
[Date "2022.02.14"]
[Round "6"]
[White "Kistrup, Nicolai"]
[Black "Thuesen, Mogens Henrik"]
[Result "1-0"]
[WhiteElo "2316"]
[BlackElo "2160"]
[PlyCount "65"]
[EventDate "2022.02.11"]
[EventType "swiss"]
[EventRounds "7"]
[EventCountry "DEN"]

1. d4 d5 2. c4 c6 3. Nf3 e6 4. g3 Nf6 5. Bg2 dxc4 6. O-O Nbd7 7. a4 b6 8. Nfd2
Ba6 9. Na3 Rc8 10. Ndxc4 b5 11. Ne5 Nxe5 12. dxe5 Qxd1 13. Rxd1 b4 14. exf6
bxa3 15. Bg5 Bb7 16. bxa3 h6 17. Be3 gxf6 18. Rab1 Ba8 19. Bxa7 Bxa3 20. Rd3
Be7 21. a5 O-O 22. Rd7 Rfe8 23. a6 Bf8 24. Bf3 c5 25. Bb7 Rcd8 26. Rbd1 Rxd7
27. Rxd7 c4 28. Rc7 Bd6 29. Rxc4 Kf8 30. Rc8 Rxc8 31. Bxc8 Bd5 32. Bb7 Bc4 33.
Be3 1-0

[Event "KM 2022 Bronshoj Lang Weekend"]
[Site "Bronshoj"]
[Date "2022.02.14"]
[Round "6"]
[White "Nielsen, Thomas Bach"]
[Black "Thorsbro, Peter"]
[Result "1/2-1/2"]
[WhiteElo "2170"]
[BlackElo "2199"]
[PlyCount "39"]
[EventDate "2022.02.11"]
[EventType "swiss"]
[EventRounds "7"]
[EventCountry "DEN"]

1. d4 d5 2. c4 e6 3. Nc3 a6 4. cxd5 exd5 5. Nf3 Nf6 6. Bg5 Be6 7. e3 Nbd7 8.
Bd3 c6 9. O-O Bd6 10. e4 dxe4 11. Nxe4 Be7 12. Ng3 h6 13. Bf4 Nd5 14. Qd2 Nxf4
15. Qxf4 Qb8 16. Ne5 Qc7 17. Nf5 Bf6 18. Ng6 Qxf4 19. Nxf4 O-O 20. Nxe6 1/2-1/2

[Event "KM 2022 Bronshoj Lang Weekend"]
[Site "Bronshoj"]
[Date "2022.02.14"]
[Round "6"]
[White "Meskenas, Paulius"]
[Black "Pihl, William"]
[Result "1/2-1/2"]
[WhiteElo "2157"]
[BlackElo "1841"]
[PlyCount "151"]
[EventDate "2022.02.11"]
[EventType "swiss"]
[EventRounds "7"]
[EventCountry "DEN"]

1. e4 e5 2. Nf3 Nf6 3. d4 Nxe4 4. Bd3 d5 5. Nxe5 Nd7 6. O-O Nxe5 7. dxe5 Nc5 8.
Nc3 Be6 9. f4 Nxd3 10. cxd3 Qd7 11. d4 Bb4 12. Bd2 Bxc3 13. Bxc3 h5 14. Rc1 h4
15. Be1 Bf5 16. h3 Rh6 17. Kh2 Qb5 18. Rf2 O-O-O 19. Rc5 Qa6 20. Qb3 Qd3 21.
Qxd3 Bxd3 22. f5 Bc4 23. Ra5 a6 24. Rf4 Rdh8 25. b3 Bb5 26. Ra3 Bd3 27. b4 Bc4
28. Rf2 Bb5 29. Re3 Bd7 30. Rf4 R8h7 31. Ref3 Rh5 32. b5 axb5 33. e6 fxe6 34.
f6 gxf6 35. Rxf6 b6 36. Rf8+ Kb7 37. R3f7 Rxf7 38. Rxf7 Be8 39. Re7 Bg6 40.
Rxe6 Be4 41. Re7 Rg5 42. g4 hxg3+ 43. Bxg3 Ka6 44. Rxc7 b4 45. Rc1 Kb5 46. Rd1
Rf5 47. Be1 Rf3 48. Rd2 b3 49. axb3 Rxb3 50. h4 Kc4 51. Kg1 b5 52. Kf2 b4 53.
Ke2 Bd3+ 54. Ke3 Bg6+ 55. Ke2 Bh5+ 56. Kf2 Rf3+ 57. Kg2 b3 58. Rb2 Kxd4 59. Ba5
Kc4 60. Rd2 d4 61. Rb2 d3 62. Bd2 Rf6 63. Rb1 Ra6 64. Rc1+ Kd4 65. Kf1 Re6 66.
Rc7 Rf6+ 67. Ke1 Re6+ 68. Kf1 Rd6 69. Rb7 Bd1 70. Ke1 Bc2 71. Rb4+ Kc5 72. Rb8
Re6+ 73. Kf1 Rc6 74. Ke1 Re6+ 75. Kf1 Kc4 76. Rb4+ 1/2-1/2

[Event "KM 2022 Bronshoj Lang Weekend"]
[Site "Bronshoj"]
[Date "2022.02.14"]
[Round "6"]
[White "Jaques, Hannibal Valeur"]
[Black "Skou, Niels"]
[Result "1-0"]
[WhiteElo "1989"]
[BlackElo "2038"]
[PlyCount "27"]
[EventDate "2022.02.11"]
[EventType "swiss"]
[EventRounds "7"]
[EventCountry "DEN"]

1. e4 e5 2. Nf3 Nc6 3. Bb5 a6 4. Ba4 d6 5. O-O Bd7 6. c3 g6 7. d4 Bg7 8. Re1
Nf6 9. Bxc6 Bxc6 10. dxe5 dxe5 11. Qxd8+ Rxd8 12. Nxe5 Bxe4 13. f3 Bxb1 14.
Nxg6+ 1-0